Loading...
| Literature - British Literature | 1 | 6 | 0 | 0 | 75 | 82 | 119.14 | 2 | 7 |
| Literature - American Literature | 0 | 7 | 0 | 0 | 70 | 93 | 109.71 | 4 | 7 |
| Philosophy | 1 | 4 | 0 | 1 | 55 | 78 | 116.20 | 3 | 5 |
| Fine Arts - Visual Fine Arts | 0 | 5 | 0 | 0 | 50 | 89 | 106.80 | 2 | 5 |
| Fine Arts - Auditory Fine Arts | 0 | 5 | 0 | 2 | 50 | 97 | 119.60 | 1 | 5 |
| Science - Physics | 0 | 5 | 0 | 0 | 50 | 79 | 93.60 | 0 | 5 |
| Science - Other Science | 0 | 4 | 0 | 1 | 40 | 83 | 106.75 | 1 | 4 |
| Literature - European Literature | 0 | 5 | 2 | 1 | 40 | 128 | 132.00 | 0 | 5 |
| Literature - World Literature | 0 | 3 | 2 | 0 | 20 | 92 | 108.33 | 1 | 3 |
| History - American History | 0 | 2 | 0 | 0 | 20 | 109 | 109.00 | 0 | 2 |
| History - Other History | 0 | 2 | 0 | 0 | 20 | 121 | 121.00 | 0 | 2 |
| Mythology | 1 | 1 | 1 | 0 | 20 | 73 | 73.00 | 2 | 2 |
| History - European History | 0 | 2 | 1 | 0 | 15 | 126 | 126.00 | 0 | 2 |
| Religion | 0 | 2 | 2 | 0 | 10 | 135 | 135.00 | 0 | 2 |
| History - World History | 0 | 1 | 0 | 0 | 10 | 72 | 72.00 | 1 | 1 |
| Social Science | 0 | 2 | 2 | 0 | 10 | 115 | 115.00 | 0 | 2 |
| Pop Culture | 0 | 1 | 1 | 0 | 5 | 130 | 130.00 | 1 | 1 |
| Science - Biology | 0 | 0 | 2 | 0 | -10 | 0.00 | 0 | 0 |